[Event "Stay Safe Play From Home 157"]
[Site "T#646177Emanuel Laske"]
[Date "2020.05.19"]
[Round "5"]
[White "BrainThinker22"]
[Black "Mepe_Nika"]
[Result "1-0"]
[WhiteElo "2204"]
[BlackElo "2265"]
[Annotator "NA"]
[PlyCount "97"]
[EventDate "2020.05.19"]
[EventType "swiss (blitz)"]

1. e4 {[%emt 0:00:01]} e5 {[%emt 0:00:01]} 2. Nf3 {[%emt 0:00:00]} Nc6 {[%emt 0:00:00]} 3. d4 {[%emt 0:00:00]} exd4 {[%emt 0:00:01]} 4. Bc4 {[%emt 0:00:00]} Nf6 {[%emt 0:00:01]} 5. e5 {[%emt 0:00:00]} Ne4 {[%emt 0:00:00]} 6. O-O {[%emt 0:00:00]} Be7 {[%emt 0:00:02]} 7. Re1 {[%emt 0:00:01]} Nc5 {[%emt 0:00:01]} 8. c3 {[%emt 0:00:04]} dxc3 {[%emt 0:00:00]} 9. Nxc3 {[%emt 0:00:00]} O-O {[%emt 0:00:01]} 10. a3 {[%emt 0:00:01]} d6 {[%emt 0:00:01]} 11. b4 {[%emt 0:00:01]} Be6 {[%emt 0:00:03]} 12. bxc5 {[%emt 0:00:02]} Bxc4 {[%emt 0:00:01]} 13. cxd6 {[%emt 0:00:01]} cxd6 {[%emt 0:00:01]} 14. exd6 {[%emt 0:00:01]} Bxd6 {[%emt 0:00:01]} 15. Bg5 {[%emt 0:00:01]} Qc7 {[%emt 0:00:03]} 16. Ne4 {[%emt 0:00:03]} Be7 {[%emt 0:00:04]} 17. Bxe7 {[%emt 0:00:01]} Qxe7 {[%emt 0:00:00]} 18. Qa4 {[%emt 0:00:03]} Be6 {[%emt 0:00:01]} 19. Rad1 {[%emt 0:00:02]} h6 {[%emt 0:00:01]} 20. Nd4 {[%emt 0:00:03]} Nxd4 {[%emt 0:00:01]} 21. Qxd4 {[%emt 0:00:00]} Rfd8 {[%emt 0:00:01]} 22. Qe5 {[%emt 0:00:01]} Rxd1 {[%emt 0:00:02]} 23. Rxd1 {[%emt 0:00:00]} Rd8 {[%emt 0:00:01]} 24. Rxd8+ {[%emt 0:00:01]} Qxd8 {[%emt 0:00:00]} 25. h3 {[%emt 0:00:00]} a6 {[%emt 0:00:02]} 26. Nd6 {[%emt 0:00:01]} b5 {[%emt 0:00:02]} 27. Qc5 {[%emt 0:00:02]} Kh7 {[%emt 0:00:02]} 28. Qc2+ {[%emt 0:00:02]} g6 {[%emt 0:00:01]} 29. Ne4 {[%emt 0:00:02]} Qd4 {[%emt 0:00:02]} 30. Ng3 {[%emt 0:00:03]} Qa1+ {[%emt 0:00:02]} 31. Kh2 {[%emt 0:00:01]} Qxa3 {[%emt 0:00:01]} 32. Qc7 {[%emt 0:00:00]} b4 {[%emt 0:00:02]} 33. Ne4 {[%emt 0:00:01]} Qc3 {[%emt 0:00:00]} 34. Nxc3 {[%emt 0:00:04]} bxc3 {[%emt 0:00:00]} 35. Qxc3 {[%emt 0:00:01]} Bd7 {[%emt 0:00:01]} 36. Qf6 {[%emt 0:00:01]} Kg8 {[%emt 0:00:01]} 37. g4 {[%emt 0:00:01]} Bb5 {[%emt 0:00:01]} 38. f4 {[%emt 0:00:00]} Bd3 {[%emt 0:00:01]} 39. f5 {[%emt 0:00:01]} Bb5 {[%emt 0:00:00]} 40. fxg6 {[%emt 0:00:01]} fxg6 {[%emt 0:00:00]} 41. Qxg6+ {[%emt 0:00:00]} Kf8 {[%emt 0:00:00]} 42. Qxh6+ {[%emt 0:00:00]} Ke7 {[%emt 0:00:00]} 43. Qb6 {[%emt 0:00:00]} Bc4 {[%emt 0:00:01]} 44. h4 {[%emt 0:00:00]} Be6 {[%emt 0:00:01]} 45. h5 {[%emt 0:00:00]} Bxg4 {[%emt 0:00:01]} 46. Qxa6 {[%emt 0:00:01]} Kf7 {[%emt 0:00:01]} 47. Qg6+ {[%emt 0:00:01]} Kf8 {[%emt 0:00:02]} 48. Qxg4 {[%emt 0:00:00]} Kf7 {[%emt 0:00:00]} 49. Qg2 {[%emt 0:00:00] Mepe_Nika resigns (Lag: Av=0.39s, max=0.6s)} 1-0

[Event "Stay Safe Play From Home 157"]
[Site "T#646177Emanuel Laske"]
[Date "2020.05.19"]
[Round "5"]
[White "SoulofWolf"]
[Black "Fischer_11"]
[Result "1-0"]
[WhiteElo "2138"]
[BlackElo "2170"]
[Annotator "NA"]
[PlyCount "121"]
[EventDate "2020.05.19"]
[EventType "swiss (blitz)"]

1. c4 {[%emt 0:00:00]} Nf6 {[%emt 0:00:01]} 2. Nc3 {[%emt 0:00:00]} g6 {[%emt 0:00:00]} 3. e3 {[%emt 0:00:01]} Bg7 {[%emt 0:00:00]} 4. d4 {[%emt 0:00:00]} d6 {[%emt 0:00:00]} 5. Nf3 {[%emt 0:00:01]} O-O {[%emt 0:00:00]} 6. Be2 {[%emt 0:00:00]} e5 {[%emt 0:00:00]} 7. O-O {[%emt 0:00:00]} e4 {[%emt 0:00:00]} 8. Nd2 {[%emt 0:00:00]} d5 {[%emt 0:00:01]} 9. Qc2 {[%emt 0:00:00]} dxc4 {[%emt 0:00:01]} 10. Ndxe4 {[%emt 0:00:02]} Nxe4 {[%emt 0:00:00]} 11. Nxe4 {[%emt 0:00:00]} b6 {[%emt 0:00:03]} 12. Bxc4 {[%emt 0:00:02]} Bb7 {[%emt 0:00:00]} 13. f3 {[%emt 0:00:00]} Nd7 {[%emt 0:00:02]} 14. b4 {[%emt 0:00:01]} Rc8 {[%emt 0:00:00]} 15. Qb3 {[%emt 0:00:01]} c5 {[%emt 0:00:00]} 16. Bb2 {[%emt 0:00:03]} cxd4 {[%emt 0:00:02]} 17. exd4 {[%emt 0:00:00]} Nf6 {[%emt 0:00:03]} 18. Nf2 {[%emt 0:00:06]} a6 {[%emt 0:00:06]} 19. a4 {[%emt 0:00:02]} Qd7 {[%emt 0:00:01]} 20. Rad1 {[%emt 0:00:01]} b5 {[%emt 0:00:01]} 21. axb5 {[%emt 0:00:01]} axb5 {[%emt 0:00:00]} 22. Bd3 {[%emt 0:00:01]} Bd5 {[%emt 0:00:05]} 23. Qa3 {[%emt 0:00:00]} Bc4 {[%emt 0:00:01]} 24. Bxc4 {[%emt 0:00:02]} Rxc4 {[%emt 0:00:00]} 25. Ba1 {[%emt 0:00:05]} Nd5 {[%emt 0:00:00]} 26. Rb1 {[%emt 0:00:02]} Re8 {[%emt 0:00:03]} 27. Ne4 {[%emt 0:00:01]} Bxd4+ {[%emt 0:00:04]} 28. Kh1 {[%emt 0:00:03]} f5 {[%emt 0:00:02]} 29. Nd2 {[%emt 0:00:02]} Bxa1 {[%emt 0:00:03]} 30. Nxc4 {[%emt 0:00:02]} bxc4 {[%emt 0:00:00]} 31. Rxa1 {[%emt 0:00:02]} Ne3 {[%emt 0:00:03]} 32. Rfe1 {[%emt 0:00:01]} f4 {[%emt 0:00:01]} 33. Qc3 {[%emt 0:00:05]} Qg7 {[%emt 0:00:03]} 34. Qxg7+ {[%emt 0:00:02]} Kxg7 {[%emt 0:00:00]} 35. Rac1 {[%emt 0:00:00]} Rb8 {[%emt 0:00:03]} 36. h3 {[%emt 0:00:00]} Rxb4 {[%emt 0:00:01]} 37. Kh2 {[%emt 0:00:00]} Rb2 {[%emt 0:00:01]} 38. Rg1 {[%emt 0:00:00]} Rb3 {[%emt 0:00:02]} 39. Kh1 {[%emt 0:00:01]} c3 {[%emt 0:00:00]} 40. Rge1 {[%emt 0:00:01]} c2 {[%emt 0:00:00]} 41. Re2 {[%emt 0:00:01]} Rb1 {[%emt 0:00:01]} 42. Rexc2 {[%emt 0:00:01]} Rxc1+ {[%emt 0:00:01]} 43. Rxc1 {[%emt 0:00:00]} Kf6 {[%emt 0:00:01]} 44. Rc7 {[%emt 0:00:00]} Kf5 {[%emt 0:00:00]} 45. Ra7 {[%emt 0:00:00]} Nd5 {[%emt 0:00:00]} 46. Rxh7 {[%emt 0:00:00]} Nf6 {[%emt 0:00:00]} 47. Ra7 {[%emt 0:00:01]} g5 {[%emt 0:00:00]} 48. Ra5+ {[%emt 0:00:00]} Kg6 {[%emt 0:00:00]} 49. Kh2 {[%emt 0:00:00]} Nh5 {[%emt 0:00:00]} 50. Ra6+ {[%emt 0:00:00]} Kh7 {[%emt 0:00:01]} 51. Rb6 {[%emt 0:00:00]} Ng3 {[%emt 0:00:00]} 52. Rb7+ {[%emt 0:00:00]} Kg6 {[%emt 0:00:01]} 53. h4 {[%emt 0:00:00]} Kh5 {[%emt 0:00:00]} 54. hxg5 {[%emt 0:00:00]} Kxg5 {[%emt 0:00:00]} 55. Rb6 {[%emt 0:00:00]} Nf5 {[%emt 0:00:00]} 56. Rb5 {[%emt 0:00:00]} Kh5 {[%emt 0:00:00]} 57. Ra5 {[%emt 0:00:00]} Kg5 {[%emt 0:00:00]} 58. Kg1 {[%emt 0:00:00]} Kf6 {[%emt 0:00:00]} 59. Kf2 {[%emt 0:00:00]} Kg6 {[%emt 0:00:00]} 60. g4 {[%emt 0:00:00]} Kg5 {[%emt 0:00:00]} 61. gxf5 {[%emt 0:00:00] Zeit (Lag: Av=0.35s, max=0.7s)} 1-0

[Event "Stay Safe Play From Home 157"]
[Site "T#646177Emanuel Laske"]
[Date "2020.05.19"]
[Round "5"]
[White "Lazieri3"]
[Black "XShot"]
[Result "0-1"]
[WhiteElo "2091"]
[BlackElo "2476"]
[Annotator "TA"]
[PlyCount "84"]
[EventDate "2020.05.19"]
[EventType "swiss (blitz)"]

{[%evp 10,84,69,61,90,77,82,-16,-14,-95,61,31,67,0,0,-18,-24,-29,-28,-39,-14,-14,-9,-28,-26,-27,-2,-24,-12,-14,-12,-12,-12,-12,-12,-12,-12,-56,-59,-54,-31,-34,-15,-13,-17,-26,-21,-227,-18,-57,0,0,0,0,0,0,0,0,0,-20,0,-26,12,-28,-33,-28,-12,-208,-218,-197,-5,-759,-631,-997,-957,-1663,-1562]} 1. e4 c6 2. Nc3 d5 3. d4 dxe4 4. Nxe4 Nf6 5. Nxf6+ gxf6 6. Nf3 h5 {B16: Caro-Kann: Bronstein-Larsen Variation.} 7. Bc4 h4 8. g3 (8. c3 $16) 8... Bg4 $11 {The position is equal.} 9. Qd3 (9. Ne5 $11 {remains equal.} Be6 10. Bxe6 fxe5 11. Bb3) 9... h3 $2 (9... hxg3 $17 10. fxg3 Bxf3 11. Qxf3 Qxd4) 10. Bf4 {[#]} (10. Nh4 $5 {[%cal Rc4f7]} e6 11. f3 $14) 10... Nd7 $146 ({Predecessor:} 10... Bxf3 11. Qxf3 Qxd4 12. Bb3 Qxb2 13. O-O Nd7 14. Bc7 Rc8 15. Bf4 Ne5 16. Qe2 Qc3 {0-1 (26) Arendarski,L (1893)-Ozgur,E ICC INT 2009}) 11. Qb3 (11. Nh4 $14 e6 12. f3) 11... e6 12. O-O-O b5 $36 {[%mdl 2048] Black has good play.} 13. Be2 Nb6 14. Ng1 Bxe2 (14... Bf5 {with more complications.} 15. Bf3 Qd7 16. Qc3 Nd5 17. Qa5 Nb4) 15. Nxe2 Qd5 16. Qxd5 cxd5 17. c3 Rc8 18. Kb1 Kd7 19. Nc1 Nc4 20. Nd3 a5 21. a3 Be7 22. Rhe1 Rhg8 23. Bc1 Rb8 24. Bd2 Rb7 25. Kc2 Rc8 26. Ra1 b4 27. axb4 axb4 28. Kd1 $2 {[#]} (28. Rec1 $11 {and White has nothing to worry.}) 28... bxc3 $2 (28... Nxb2+ $1 $19 {[%mdl 512]} 29. Nxb2 bxc3 {[%mdl 64] Discovered Attack}) 29. bxc3 Nb2+ (29... Rb3 $15) 30. Ke2 Nxd3 (30... Rcc7 {seems wilder.} 31. Nxb2 Rxb2 32. Kd3 Bd6 33. Ra8 Rc8) 31. Kxd3 Rbc7 32. Rec1 Bd6 33. Rc2 Ke7 34. Rac1 Rc4 35. Rb1 e5 36. dxe5 fxe5 37. Rb7+ Ke6 {And now ...e4+ would win.} 38. f4 $2 (38. Ra2 $11 {and White is okay.}) 38... e4+ $19 ({Resist} 38... exf4 39. Bxf4 Bxf4 40. gxf4 $17) 39. Ke2 Bc5 $2 (39... d4 $19 {Strongly threatening ...d3+.} 40. Ra2 dxc3) 40. Be3 $2 {[%mdl 8192]} (40. Ra2 $11 Bg1 41. Rb1 Bxh2 42. Rh1 Bxg3 43. Rxh3) 40... d4 {aiming for ...d3+.Black is clearly winning.} 41. f5+ Kxf5 42. Bf4 d3+ {[%mdl 64] Double Attack. Accuracy: White = 48%, Black = 63%.} 0-1

[Event "Stay Safe Play From Home 157"]
[Site "T#646177Emanuel Laske"]
[Date "2020.05.19"]
[Round "5"]
[White "SecantFX"]
[Black "Toosieslide"]
[Result "0-1"]
[WhiteElo "1954"]
[BlackElo "2151"]
[Annotator "NA"]
[PlyCount "110"]
[EventDate "2020.05.19"]
[EventType "swiss (blitz)"]

1. g3 {[%emt 0:00:01]} d5 {[%emt 0:00:01]} 2. Bg2 {[%emt 0:00:00]} c6 {[%emt 0:00:01]} 3. f4 {[%emt 0:00:00]} Nf6 {[%emt 0:00:01]} 4. Nf3 {[%emt 0:00:00]} Bf5 {[%emt 0:00:01]} 5. d3 {[%emt 0:00:00]} e6 {[%emt 0:00:00]} 6. Nc3 {[%emt 0:00:00]} h6 {[%emt 0:00:00]} 7. O-O {[%emt 0:00:01]} Be7 {[%emt 0:00:00]} 8. h3 {[%emt 0:00:00]} Na6 {[%emt 0:00:02]} 9. Ne5 {[%emt 0:00:01]} Nc5 {[%emt 0:00:03]} 10. g4 {[%emt 0:00:01]} Bh7 {[%emt 0:00:01]} 11. d4 {[%emt 0:00:01]} Nce4 {[%emt 0:00:01]} 12. Nxe4 {[%emt 0:00:01]} Nxe4 {[%emt 0:00:01]} 13. e3 {[%emt 0:00:03]} Qc7 {[%emt 0:00:02]} 14. Nd3 {[%emt 0:00:01]} O-O-O {[%emt 0:00:02]} 15. Nf2 {[%emt 0:00:01]} Nxf2 {[%emt 0:00:01]} 16. Rxf2 {[%emt 0:00:01]} Be4 {[%emt 0:00:00]} 17. Bxe4 {[%emt 0:00:01]} dxe4 {[%emt 0:00:00]} 18. c3 {[%emt 0:00:00]} f5 {[%emt 0:00:01]} 19. gxf5 {[%emt 0:00:01]} exf5 {[%emt 0:00:01]} 20. Rg2 {[%emt 0:00:01]} g5 {[%emt 0:00:01]} 21. Qf1 {[%emt 0:00:03]} Rhg8 {[%emt 0:00:02]} 22. Bd2 {[%emt 0:00:02]} gxf4 {[%emt 0:00:01]} 23. Qxf4 {[%emt 0:00:02]} Rxg2+ {[%emt 0:00:01]} 24. Kxg2 {[%emt 0:00:01]} Rg8+ {[%emt 0:00:01]} 25. Kf2 {[%emt 0:00:01]} Bh4+ {[%emt 0:00:04]} 26. Ke2 {[%emt 0:00:04]} Rg2+ {[%emt 0:00:03]} 27. Kd1 {[%emt 0:00:01]} Qxf4 {[%emt 0:00:02]} 28. exf4 {[%emt 0:00:01]} Rg1+ {[%emt 0:00:00]} 29. Kc2 {[%emt 0:00:03]} Rxa1 {[%emt 0:00:00]} 30. Kb3 {[%emt 0:00:01]} Rh1 {[%emt 0:00:02]} 31. c4 {[%emt 0:00:01]} Rh2 {[%emt 0:00:01]} 32. Bc3 {[%emt 0:00:01]} e3 {[%emt 0:00:01]} 33. d5 {[%emt 0:00:00]} cxd5 {[%emt 0:00:02]} 34. cxd5 {[%emt 0:00:00]} e2 {[%emt 0:00:00]} 35. Kc4 {[%emt 0:00:01]} e1=Q {[%emt 0:00:01]} 36. Bxe1 {[%emt 0:00:00]} Bxe1 {[%emt 0:00:00]} 37. Kd4 {[%emt 0:00:00]} Rxh3 {[%emt 0:00:00]} 38. Ke5 {[%emt 0:00:00]} Rh2 {[%emt 0:00:00]} 39. Kxf5 {[%emt 0:00:00]} Rxb2 {[%emt 0:00:00]} 40. d6 {[%emt 0:00:01]} Rxa2 {[%emt 0:00:01]} 41. Ke6 {[%emt 0:00:01]} Kd8 {[%emt 0:00:00]} 42. f5 {[%emt 0:00:01]} Re2+ {[%emt 0:00:00]} 43. Kd5 {[%emt 0:00:01]} Bb4 {[%emt 0:00:00]} 44. f6 {[%emt 0:00:01]} Rd2+ {[%emt 0:00:01]} 45. Ke5 {[%emt 0:00:01]} Bxd6+ {[%emt 0:00:03]} 46. Ke6 {[%emt 0:00:01]} a5 {[%emt 0:00:01]} 47. f7 {[%emt 0:00:01]} a4 {[%emt 0:00:01]} 48. Kf6 {[%emt 0:00:00]} a3 {[%emt 0:00:01]} 49. Kg7 {[%emt 0:00:00]} a2 {[%emt 0:00:01]} 50. Kxh6 {[%emt 0:00:00]} a1=Q {[%emt 0:00:02]} 51. f8=Q+ {[%emt 0:00:00]} Bxf8+ {[%emt 0:00:01]} 52. Kg6 {[%emt 0:00:00]} Qe5 {[%emt 0:00:01]} 53. Kf7 {[%emt 0:00:01]} Rf2+ {[%emt 0:00:01]} 54. Kg8 {[%emt 0:00:01]} Qg3+ {[%emt 0:00:01]} 55. Kh7 {[%emt 0:00:01]} Rh2# {[%emt 0:00:00] (Lag: Av=0.92s, max=2.4s)} 0-1

[Event "Stay Safe Play From Home 157"]
[Site "T#646177Emanuel Laske"]
[Date "2020.05.19"]
[Round "5"]
[White "Aditya_dpawn"]
[Black "Matanant"]
[Result "1-0"]
[WhiteElo "1942"]
[BlackElo "1607"]
[Annotator "NA"]
[PlyCount "61"]
[EventDate "2020.05.19"]
[EventType "swiss (blitz)"]

1. e4 {[%emt 0:00:01]} e5 {[%emt 0:00:01]} 2. Nf3 {[%emt 0:00:01]} d5 {[%emt 0:00:01]} 3. Nxe5 {[%emt 0:00:02]} Bd6 {[%emt 0:00:02]} 4. d4 {[%emt 0:00:01]} dxe4 {[%emt 0:00:01]} 5. Nc4 {[%emt 0:00:01]} Be7 {[%emt 0:00:02]} 6. Nc3 {[%emt 0:00:01]} Bf5 {[%emt 0:00:00]} 7. Ne3 {[%emt 0:00:05]} Bg6 {[%emt 0:00:02]} 8. h4 {[%emt 0:00:01]} f5 {[%emt 0:00:01]} 9. h5 {[%emt 0:00:01]} f4 {[%emt 0:00:03]} 10. hxg6 {[%emt 0:00:02]} fxe3 {[%emt 0:00:03]} 11. Bxe3 {[%emt 0:00:01]} Nf6 {[%emt 0:00:01]} 12. Bc4 {[%emt 0:00:02]} c6 {[%emt 0:00:03]} 13. Bf7+ {[%emt 0:00:01]} Kd7 {[%emt 0:00:02]} 14. Nxe4 {[%emt 0:00:04]} Kc8 {[%emt 0:00:03]} 15. Qf3 {[%emt 0:00:03]} Nbd7 {[%emt 0:00:03]} 16. Ng5 {[%emt 0:00:02]} hxg6 {[%emt 0:00:02]} 17. O-O-O {[%emt 0:00:05]} Rxh1 {[%emt 0:00:02]} 18. Rxh1 {[%emt 0:00:00]} Qa5 {[%emt 0:00:03]} 19. Rh8+ {[%emt 0:00:04]} Bd8 {[%emt 0:00:01]} 20. c3 {[%emt 0:00:06]} Nd5 {[%emt 0:00:01]} 21. Ne6 {[%emt 0:00:02]} Nxe3 {[%emt 0:00:07]} 22. Rxd8+ {[%emt 0:00:02]} Qxd8 {[%emt 0:00:02]} 23. Nxd8 {[%emt 0:00:00]} Nf5 {[%emt 0:00:05]} 24. Ne6 {[%emt 0:00:01]} b6 {[%emt 0:00:05]} 25. Qf4 {[%emt 0:00:01]} Kb7 {[%emt 0:00:01]} 26. Qc7+ {[%emt 0:00:00]} Ka6 {[%emt 0:00:01]} 27. Nf4 {[%emt 0:00:00]} Rb8 {[%emt 0:00:01]} 28. Bc4+ {[%emt 0:00:00]} b5 {[%emt 0:00:02]} 29. Bd3 {[%emt 0:00:00]} Rb7 {[%emt 0:00:00]} 30. Qxc6+ {[%emt 0:00:00]} Rb6 {[%emt 0:00:01]} 31. Qe4 {[%emt 0:00:00] Time (Lag: Av=0.55s, max=0.8s)} 1-0

[Event "Stay Safe Play From Home 157"]
[Site "T#646177Emanuel Laske"]
[Date "2020.05.19"]
[Round "5"]
[White "Ionutn28"]
[Black "Weltszmerc"]
[Result "1-0"]
[WhiteElo "1719"]
[BlackElo "2077"]
[Annotator "NA"]
[PlyCount "39"]
[EventDate "2020.05.19"]
[EventType "swiss (blitz)"]

1. e4 {[%emt 0:00:01]} Nf6 {[%emt 0:00:01]} 2. d3 {[%emt 0:00:01]} d5 {[%emt 0:00:01]} 3. Nd2 {[%emt 0:00:01]} dxe4 {[%emt 0:00:02]} 4. dxe4 {[%emt 0:00:00]} c5 {[%emt 0:00:01]} 5. Ngf3 {[%emt 0:00:00]} Nc6 {[%emt 0:00:00]} 6. Bd3 {[%emt 0:00:00]} Bg4 {[%emt 0:00:00]} 7. O-O {[%emt 0:00:01]} e6 {[%emt 0:00:00]} 8. h3 {[%emt 0:00:00]} Bh5 {[%emt 0:00:01]} 9. a3 {[%emt 0:00:01]} Be7 {[%emt 0:00:01]} 10. e5 {[%emt 0:00:00]} Nd5 {[%emt 0:00:01]} 11. Ne4 {[%emt 0:00:00]} Bg6 {[%emt 0:00:01]} 12. c4 {[%emt 0:00:02]} Nb6 {[%emt 0:00:03]} 13. Qc2 {[%emt 0:00:00]} O-O {[%emt 0:00:01]} 14. Bf4 {[%emt 0:00:01]} h6 {[%emt 0:00:01]} 15. Rad1 {[%emt 0:00:02]} Qc7 {[%emt 0:00:01]} 16. Qd2 {[%emt 0:00:04]} Rfd8 {[%emt 0:00:02]} 17. Bxh6 {[%emt 0:00:02]} gxh6 {[%emt 0:00:01]} 18. Qxh6 {[%emt 0:00:01]} Rxd3 {[%emt 0:00:01]} 19. Nf6+ {[%emt 0:00:01]} Bxf6 {[%emt 0:00:05]} 20. exf6 {[%emt 0:00:00] Weltszmerc poddaje się (Lag: Av=0.66s, max=0.8s)} 1-0

[Event "Stay Safe Play From Home 157"]
[Site "T#646177Emanuel Laske"]
[Date "2020.05.19"]
[Round "5"]
[White "Trotsky"]
[Black "Haris kollari 13"]
[Result "0-1"]
[WhiteElo "1558"]
[BlackElo "1670"]
[Annotator "NA"]
[PlyCount "72"]
[EventDate "2020.05.19"]
[EventType "swiss (blitz)"]

1. d4 {[%emt 0:00:01]} e6 {[%emt 0:00:00]} 2. e3 {[%emt 0:00:01]} d5 {[%emt 0:00:00]} 3. c4 {[%emt 0:00:01]} c6 {[%emt 0:00:01]} 4. Nc3 {[%emt 0:00:01]} f5 {[%emt 0:00:01]} 5. Nf3 {[%emt 0:00:01]} Nf6 {[%emt 0:00:01]} 6. c5 {[%emt 0:00:01]} Be7 {[%emt 0:00:01]} 7. Bd3 {[%emt 0:00:01]} Bd7 {[%emt 0:00:01]} 8. Qc2 {[%emt 0:00:01]} b6 {[%emt 0:00:01]} 9. Bd2 {[%emt 0:00:01]} bxc5 {[%emt 0:00:01]} 10. h4 {[%emt 0:00:01]} cxd4 {[%emt 0:00:01]} 11. exd4 {[%emt 0:00:01]} O-O {[%emt 0:00:02]} 12. O-O-O {[%emt 0:00:02]} Ne4 {[%emt 0:00:01]} 13. Rdf1 {[%emt 0:00:03]} Qc7 {[%emt 0:00:04]} 14. Nxe4 {[%emt 0:00:02]} fxe4 {[%emt 0:00:02]} 15. Bxe4 {[%emt 0:00:01]} dxe4 {[%emt 0:00:01]} 16. Qxe4 {[%emt 0:00:01]} Na6 {[%emt 0:00:03]} 17. Ng5 {[%emt 0:00:01]} Bxg5 {[%emt 0:00:03]} 18. hxg5 {[%emt 0:00:01]} g6 {[%emt 0:00:02]} 19. Rh6 {[%emt 0:00:05]} Rf7 {[%emt 0:00:02]} 20. Rfh1 {[%emt 0:00:04]} Raf8 {[%emt 0:00:02]} 21. Rxg6+ {[%emt 0:00:02]} hxg6 {[%emt 0:00:02]} 22. Qxg6+ {[%emt 0:00:01]} Rg7 {[%emt 0:00:00]} 23. Qh6 {[%emt 0:00:02]} Rxf2 {[%emt 0:00:08]} 24. g6 {[%emt 0:00:01]} Kf8 {[%emt 0:00:02]} 25. Qh8+ {[%emt 0:00:03]} Rg8 {[%emt 0:00:01]} 26. g7+ {[%emt 0:00:06]} Kf7 {[%emt 0:00:01]} 27. Qh5+ {[%emt 0:00:03]} Ke7 {[%emt 0:00:03]} 28. Qg5+ {[%emt 0:00:02]} Rf6 {[%emt 0:00:03]} 29. Rf1 {[%emt 0:00:03]} Kd8 {[%emt 0:00:04]} 30. Qxf6+ {[%emt 0:00:01]} Kc8 {[%emt 0:00:00]} 31. Qf8+ {[%emt 0:00:02]} Qd8 {[%emt 0:00:01]} 32. Qxd8+ {[%emt 0:00:02]} Kxd8 {[%emt 0:00:01]} 33. Rf8+ {[%emt 0:00:01]} Ke7 {[%emt 0:00:01]} 34. Rxg8 {[%emt 0:00:01]} Kf7 {[%emt 0:00:00]} 35. Bh6 {[%emt 0:00:02]} Kxg8 {[%emt 0:00:01]} 36. Kd2 {[%emt 0:00:02]} Be8 {[%emt 0:00:00] Âðåìÿ (Lag: Av=0.36s, max=1.0s)} 0-1